| 000 | 00611nam a22002057a 4500 | ||
|---|---|---|---|
| 003 | LK-CoDNM | ||
| 005 | 20250106093532.0 | ||
| 008 | 250103b |||||||| |||| 00| 0 eng d | ||
| 040 |
_aLK-CoDNM _dLK-CoDNM _eLK-CoDNM |
||
| 041 | _aeng | ||
| 080 |
_a4 _bC15 |
||
| 100 | _aschmidt johs. | ||
| 245 | _aOn the distribution of the fresh - water eels ( Anguilla) throughout the world | ||
| 246 | _aii. ando -pacific region a bio -geographical investigation | ||
| 260 |
_akobenhavn _c1925 _bcolombo museum |
||
| 300 | _a382p. : ill ; 27 cm | ||
| 650 | _ascience | ||
| 650 | _aanimal | ||
| 942 | _cBK | ||
| 999 |
_c234915 _d234915 |
||